000 00471nam a2200157Ia 4500
008 210716s2011 xx 000 0 und d
020 _a9780071332613
041 _aeng
082 _a657.42 LANW
100 _aLanen, William N;Anderson, Shannon W;Maher, Michael W.
245 _aFundamentals of cost accounting.
250 _a2
260 _aNew Delhi
_bTata McGraw Hill Publishing Company Ltd
_c2011
300 _axxxiv,636,A-16,G-6,I-10
650 _aCost Accounting
999 _c208121
_d208121